The Future of the European chemical industry.
| Format: | Book |
|---|---|
| Published: |
[S.l]bKPMG International,
2010.
|
| Subjects: |
| LEADER | 00454cam a2200145 7i4500 | ||
|---|---|---|---|
| 001 | 0000030870 | ||
| 005 | 20140219090000.0 | ||
| 090 | 0 | 0 | |a EURO 338.4766 |b FUT |
| 245 | 0 | 4 | |a The Future of the European chemical industry. |
| 260 | 0 | 0 | |a [S.l]bKPMG International, |c 2010. |
| 300 | # | # | |a 32 p. |
| 650 | 0 | 0 | |a Chemical -- |x Markets -- |z Europe |
| 650 | 0 | 0 | |a Chemica industryl -- |x Markets -- |z Europe |
| 651 | 0 | 0 | |a Europe |
| 999 | |a 0000033603 |b Book |c Regions |e Business Information Centre | ||